000
00214nam a22000857a 4500
008
170130b xxu||||| |||| 00| 0 eng d
100
_9
2646
_a
Sawhney.P
245
_a
Math Magic-Work Book-4
260
_a
New Delhi
_b
APC
_c
2010
999
_c
5791
_d
5791